[Event "Belgrade-chT2 Quality"]
[Site "Belgrade"]
[Date "2022.11.06"]
[Round "9.5"]
[White "Tomic, Zivorad"]
[Black "Milin, Dragan"]
[Result "1/2-1/2"]
[WhiteElo "1956"]
[BlackElo "2004"]
[PlyCount "92"]
[EventDate "2022.10.15"]
[EventType "team-tourn"]
[EventRounds "13"]
[EventCountry "SRB"]
[SourceTitle "EXT 2024"]
[Source "ChessBase"]
[SourceDate "2023.10.10"]
[SourceVersion "1"]
[SourceVersionDate "2023.10.10"]
[SourceQuality "1"]
[WhiteTeam "Belgrade BASK"]
[BlackTeam "Belgrade Bogoslov"]
[WhiteTeamCountry "SRB"]
[BlackTeamCountry "SRB"]

1. d4 d5 2. Nf3 e6 3. Bf4 c5 4. c3 Nc6 5. e3 Bd6 6. Bxd6 Qxd6 7. Qb3 Nf6 8. Nbd2 0-0 9. Be2 Re8 10. Bb5 Nd7 11. Qa3 Qe7 12. 0-0 a6 13. Rfe1 cxd4 14. Qxe7 Rxe7 15. Bxc6 dxc3 16. Bxd7 cxd2 17. Nxd2 Bxd7 18. Rac1 Bc6 19. Nb3 Rc7 20. Rc3 Kf8 21. Rec1 Ke7 22. Na5 Rac8 23. f4 Kd7 24. Nb3 b6 25. Nd4 Bb5 26. Rxc7+ Rxc7 27. Rxc7+ Kxc7 28. b4 Kd6 29. g4 Bd7 30. Kf2 f6 31. Kg3 a5 32. a3 axb4 33. axb4 e5 34. Nf3 d4 35. fxe5+ fxe5 36. exd4 exd4 37. Nxd4 Kd5 38. Nf3 Be8 39. h4 Kc4 40. Ng5 Kxb4 41. Nxh7 Ka3 42. Ng5 b5 43. Ne6 g6 44. Kf4 b4 45. Nd4 b3 46. Nxb3 Kxb3 1/2-1/2

[Event "Gligoric Cup 5th"]
[Site "Novi Sad"]
[Date "2018.11.04"]
[Round "1.1"]
[White "Radovanovic, Mihajlo"]
[Black "Milin, Dragan"]
[Result "1-0"]
[WhiteElo "2466"]
[BlackElo "2043"]
[PlyCount "45"]
[EventDate "2018.11.04"]
[EventType "team-swiss"]
[EventRounds "5"]
[EventCountry "SRB"]
[SourceTitle "CBM 187 Extra"]
[Source "ChessBase"]
[SourceDate "2018.11.04"]
[SourceVersion "1"]
[SourceVersionDate "2018.11.04"]
[SourceQuality "1"]
[WhiteTeam "Goracici Jelica"]
[BlackTeam "Belgrade Bogoslov"]
[WhiteTeamCountry "SRB"]
[BlackTeamCountry "SRB"]

1. Nf3 d5 2. c4 e6 3. g3 c6 4. Bg2 Be7 5. 0-0 h5 6. d4 h4 7. Nc3 hxg3 8. fxg3 Nf6 9. Qd3 Nbd7 10. Bf4 Qb6 11. b3 Nh5 12. Bd2 e5 13. cxd5 exd4 14. Na4 Qb5 15. dxc6 bxc6 16. Nxd4 Qxd3 17. exd3 0-0 18. Nxc6 Bd6 19. Ne7+ Bxe7 20. Bxa8 Ba6 21. Bf3 Nhf6 22. Rfe1 Bd6 23. d4 1-0

[Event "Belgrade-chT Quality"]
[Site "Belgrade"]
[Date "2018.09.24"]
[Round "7.4"]
[White "Milin, Dragan"]
[Black "Popovic, Milan S"]
[Result "0-1"]
[WhiteElo "2014"]
[BlackElo "2327"]
[PlyCount "114"]
[EventDate "2018.09.17"]
[EventType "team-tourn"]
[EventRounds "11"]
[EventCountry "SRB"]
[SourceTitle "CBM 186 Extra"]
[Source "ChessBase"]
[SourceDate "2018.08.24"]
[SourceVersion "1"]
[SourceVersionDate "2018.08.24"]
[SourceQuality "1"]
[WhiteTeam "Bogoslov"]
[BlackTeam "Partizan"]
[WhiteTeamCountry "SRB"]
[BlackTeamCountry "SRB"]

1. e4 c5 2. c3 d6 3. d3 Nc6 4. Be2 g6 5. g4 Bg7 6. Nd2 e5 7. Nf1 Nge7 8. g5 Be6 9. Ng3 Qd7 10. Be3 b6 11. h4 h5 12. Nf3 d5 13. Qc2 Rc8 14. 0-0 d4 15. Bd2 0-0 16. a4 Bg4 17. Kh2 Rcd8 18. c4 f5 19. gxf6 Rxf6 20. Ne1 Bxe2 21. Nxe2 Qg4 22. Bg5 Rf7 23. f3 Qd7 24. Ng1 Rdf8 25. Qg2 Nd8 26. Nh3 Ne6 27. Bd2 a6 28. b4 cxb4 29. Bxb4 Nf4 30. Qg3 Bh6 31. Ra2 Kh7 32. Bd2 Qe6 33. Bxf4 Rxf4 34. Ng2 R4f7 35. Rb2 Qd6 36. Rb3 Nc8 37. Ne1 Bf4 38. Nxf4 Rxf4 39. Ng2 R4f6 40. Ne1 Qe7 41. Qg5 Qc5 42. Qd2 R8f7 43. Qb4 Qc7 44. Qd2 Nd6 45. Kg3 Nb7 46. Ra3 Qe7 47. Ra2 Nc5 48. Ng2 Qd7 49. Qd1 Ne6 50. Raf2 Nf4 51. Rh1 Qe7 52. Qb3 Qe6 53. Nxf4 Rxf4 54. Qb4 Rxf3+ 55. Rxf3 Qg4+ 56. Kh2 Qxf3 57. Qd2 Qg4 0-1

[Event "Belgrade-chT"]
[Site "Belgrade"]
[Date "2018.05.09"]
[Round "3"]
[White "Mijatovic, Dusan"]
[Black "Milin, Dragan"]
[Result "1-0"]
[WhiteElo "2067"]
[BlackElo "2015"]
[PlyCount "103"]
[EventDate "2018.05.07"]
[EventType "team-swiss"]
[EventRounds "5"]
[EventCountry "SRB"]
[SourceTitle "CBM 184 Extra"]
[Source "ChessBase"]
[SourceDate "2018.06.28"]
[SourceVersion "1"]
[SourceVersionDate "2018.06.28"]
[SourceQuality "1"]
[WhiteTeam "Belgrade CC"]
[BlackTeam "Belgrade Bogoslov"]
[WhiteTeamCountry "SRB"]
[BlackTeamCountry "SRB"]

1. e4 e5 2. Nc3 d6 3. Bc4 c6 4. d4 Nd7 5. Nf3 Qc7 6. 0-0 h6 7. Re1 Be7 8. a4 a5 9. h3 Nf8 10. b3 g5 11. Ba3 g4 12. dxe5 dxe5 13. Bxe7 Qxe7 14. hxg4 Bxg4 15. Qd3 Ng6 16. Ne2 Nf6 17. Rad1 Rg8 18. Ng3 Nf4 19. Qd6 h5 20. Nxe5 Bxd1 21. Bxf7+ Kf8 22. Qxe7+ Kxe7 23. Nf5+ Kf8 24. Bxg8 Kxg8 25. Rxd1 Re8 26. Nd7 Nxd7 27. Rxd7 Rxe4 28. Rxb7 Re1+ 29. Kh2 Re2 30. Kg3 Nd5 31. Nd4 Rd2 32. Nxc6 Rxc2 33. Ne7+ Nxe7 34. Rxe7 Rc3+ 35. Re3 Rc2 36. Re5 Rc3+ 37. f3 Rxb3 38. Rxh5 Kf7 39. Rxa5 Ra3 40. Ra6 Ra2 41. a5 Kg7 42. Kh3 Ra3 43. Kg4 Ra2 44. g3 Ra3 45. f4 Rc3 46. Kh4 Rc4 47. Kg5 Rc7 48. g4 Rd7 49. f5 Rc7 50. Rb6 Kh7 51. a6 Rg7+ 52. Kh5 1-0

[Event "Belgrade-chT"]
[Site "Belgrade"]
[Date "2017.10.22"]
[Round "7.8"]
[White "Milin, Dragan"]
[Black "Dimitrijevic, Vuk"]
[Result "0-1"]
[WhiteElo "2032"]
[BlackElo "1845"]
[PlyCount "66"]
[EventDate "2017.10.01"]
[EventType "team-tourn"]
[EventRounds "11"]
[EventCountry "SRB"]
[SourceTitle "CBM 181 Extra"]
[Source "ChessBase"]
[SourceDate "2017.12.12"]
[SourceVersion "1"]
[SourceVersionDate "2017.12.12"]
[SourceQuality "1"]
[WhiteTeam "Bogoslov"]
[BlackTeam "Borca"]
[WhiteTeamCountry "SRB"]
[BlackTeamCountry "SRB"]

1. d4 d5 2. Nf3 Nf6 3. e3 e6 4. Bd3 Bd6 5. Nbd2 0-0 6. Qe2 c5 7. c3 a6 8. 0-0 Nc6 9. Re1 e5 10. dxc5 Bxc5 11. e4 d4 12. Nb3 Bb6 13. cxd4 Bxd4 14. Bg5 Bg4 15. Rad1 h6 16. Bh4 g5 17. Bg3 Nh5 18. Qd2 Bxf3 19. gxf3 Qc8 20. Kg2 Nf4+ 21. Bxf4 gxf4 22. Bc4 Kh8 23. Bd5 Rg8+ 24. Kf1 Qh3+ 25. Ke2 Bxf2 26. Rf1 Be3 27. Qc3 Qxh2+ 28. Kd3 Nd4 29. Nxd4 exd4 30. Qc7 Rac8 31. Qe5+ Rg7 32. Bb3 Qxb2 33. Rc1 Qd2# 0-1

[Event "Belgrade-chT"]
[Site "Belgrade"]
[Date "2016.10.22"]
[Round "13.2"]
[White "Milin, Dragan"]
[Black "Kostic, Milutin B"]
[Result "0-1"]
[WhiteElo "2066"]
[BlackElo "2196"]
[PlyCount "44"]
[EventDate "2016.10.08"]
[EventType "team-tourn"]
[EventRounds "13"]
[EventCountry "SRB"]
[SourceTitle "CBM 175 Extra"]
[Source "ChessBase"]
[SourceDate "2016.12.12"]
[SourceVersion "1"]
[SourceVersionDate "2016.12.12"]
[SourceQuality "1"]
[WhiteTeam "Bogoslov"]
[BlackTeam "Romanticari"]
[WhiteTeamCountry "SRB"]
[BlackTeamCountry "SRB"]

1. d4 Nf6 2. Nf3 e6 3. e3 c5 4. Nbd2 b6 5. Bd3 Bb7 6. 0-0 Be7 7. Qe2 Nc6 8. c3 Rc8 9. Re1 Qc7 10. e4 cxd4 11. Nxd4 Ne5 12. Bc2 a6 13. f4 Ng6 14. N2f3 Nxf4 15. Qf2 Ng6 16. h3 Bd6 17. Qe2 Bg3 18. Rf1 0-0 19. h4 h5 20. Bg5 Ng4 21. Rad1 N6e5 22. Nxe5 Bxe5 0-1

[Event "Belgrade-chT"]
[Site "Belgrade"]
[Date "2016.10.19"]
[Round "11.1"]
[White "Milin, Dragan"]
[Black "Djuric, Stefan"]
[Result "0-1"]
[WhiteElo "2066"]
[BlackElo "2404"]
[PlyCount "68"]
[EventDate "2016.10.08"]
[EventType "team-tourn"]
[EventRounds "13"]
[EventCountry "SRB"]
[SourceTitle "CBM 175 Extra"]
[Source "ChessBase"]
[SourceDate "2016.12.12"]
[SourceVersion "1"]
[SourceVersionDate "2016.12.12"]
[SourceQuality "1"]
[WhiteTeam "Bogoslov"]
[BlackTeam "Crvena Zvezda"]
[WhiteTeamCountry "SRB"]
[BlackTeamCountry "SRB"]

1. d4 Nf6 2. Nf3 g6 3. e3 Bg7 4. b4 d5 5. Bb2 0-0 6. Bd3 c6 7. Nbd2 Nbd7 8. c4 a5 9. a3 axb4 10. axb4 Rxa1 11. Qxa1 dxc4 12. Nxc4 Nd5 13. Ba3 b5 14. Ncd2 e5 15. 0-0 exd4 16. Nxd4 Ne5 17. Be2 Qe7 18. Rc1 Bd7 19. N2b3 Ra8 20. Qb2 Nc4 21. Bxc4 bxc4 22. Rxc4 Nxe3 23. Qe2 Rxa3 24. Qxe3 Qd6 25. Qc1 Ra8 26. h3 Re8 27. Nf3 Be6 28. Rxc6 Qxb4 29. Nbd2 Ra8 30. Kh2 Qf4+ 31. g3 Qf5 32. g4 Qd5 33. Qc5 Qd7 34. Rc7 Bf8 0-1

[Event "Belgrade Trophy 29th"]
[Site "Belgrade"]
[Date "2015.12.01"]
[Round "8"]
[White "Yermolinsky, Alex"]
[Black "Milin, Dragan"]
[Result "1-0"]
[WhiteElo "2506"]
[BlackElo "2081"]
[PlyCount "70"]
[EventDate "2015.11.24"]
[EventType "swiss"]
[EventRounds "9"]
[EventCountry "SRB"]
[SourceTitle "CBM 170 Extra"]
[Source "ChessBase"]
[SourceDate "2016.02.25"]
[SourceVersion "1"]
[SourceVersionDate "2016.02.25"]
[SourceQuality "1"]

1. e4 e5 2. Nf3 Nc6 3. Bb5 Qf6 4. 0-0 Bd6 5. d3 h6 6. Nbd2 Nge7 7. Nc4 Bc5 8. c3 a6 9. Bxc6 Nxc6 10. Ncxe5 Nxe5 11. Nxe5 Qxe5 12. d4 Qe7 13. dxc5 Qxc5 14. Qg4 g5 15. Be3 Qe7 16. Qh5 d6 17. f4 g4 18. Bd4 Rh7 19. e5 dxe5 20. Bxe5 Qc5+ 21. Kh1 Bd7 22. Qh4 Qc6 23. Bf6 Kf8 24. Rae1 a5 25. Bd4 f5 26. Re5 Rf7 27. Rfe1 Re8 28. Rxa5 Rxe1+ 29. Qxe1 Qe4 30. Ra8+ Ke7 31. Qh4+ Kd6 32. Qxh6+ Kd5 33. b3 Qe1+ 34. Bg1 Qxc3 35. Qh5 Re7 1-0

[Event "Belgrade Trophy 29th"]
[Site "Belgrade"]
[Date "2015.11.26"]
[Round "3"]
[White "Milin, Dragan"]
[Black "Cirovic, Miroljub"]
[Result "1-0"]
[WhiteElo "2081"]
[BlackElo "1878"]
[PlyCount "91"]
[EventDate "2015.11.24"]
[EventType "swiss"]
[EventRounds "9"]
[EventCountry "SRB"]
[SourceTitle "CBM 170 Extra"]
[Source "ChessBase"]
[SourceDate "2016.02.25"]
[SourceVersion "1"]
[SourceVersionDate "2016.02.25"]
[SourceQuality "1"]

1. d4 Nf6 2. Nf3 e6 3. e3 c5 4. Nbd2 cxd4 5. exd4 b6 6. Bd3 Bb7 7. 0-0 d6 8. Qe2 Be7 9. Re1 Nbd7 10. Ng5 0-0 11. Nde4 h6 12. Nf3 Nxe4 13. Bxe4 Bxe4 14. Qxe4 Qc7 15. c3 Rac8 16. Bf4 Rfe8 17. a4 Nf6 18. Qd3 Red8 19. Qb5 Qb7 20. a5 Nd5 21. axb6 a6 22. Qf1 Nxf4 23. Rxa6 Ra8 24. Raa1 Nd5 25. Qb5 Ra6 26. Qxa6 Qxb6 27. c4 Qxa6 28. Rxa6 Nc7 29. Rc6 Ra8 30. Kf1 Na6 31. Rb6 Kf8 32. b4 Bd8 33. Rb7 Rb8 34. Rxb8 Nxb8 35. b5 Bb6 36. Ke2 f6 37. Kd3 Nd7 38. g4 e5 39. Ke4 exd4 40. Nxd4 Bxd4 41. Kxd4 Kf7 42. f4 g5 43. f5 Ne5 44. h3 Nd7 45. Kd5 Nb6+ 46. Kd4 1-0

[Event "Belgrade Trophy 29th"]
[Site "Belgrade"]
[Date "2015.11.25"]
[Round "2"]
[White "Stankovic, Ivan G"]
[Black "Milin, Dragan"]
[Result "1-0"]
[WhiteElo "2222"]
[BlackElo "2081"]
[PlyCount "93"]
[EventDate "2015.11.24"]
[EventType "swiss"]
[EventRounds "9"]
[EventCountry "SRB"]
[SourceTitle "CBM 170 Extra"]
[Source "ChessBase"]
[SourceDate "2016.02.25"]
[SourceVersion "1"]
[SourceVersionDate "2016.02.25"]
[SourceQuality "1"]

1. e4 e5 2. d4 d6 3. Nf3 Nd7 4. Nc3 c6 5. a4 Ngf6 6. g3 Be7 7. Bg2 Qc7 8. 0-0 h6 9. Nh4 Nf8 10. Nf5 Bxf5 11. exf5 exd4 12. Qxd4 N8h7 13. a5 0-0 14. a6 b6 15. b4 b5 16. Bb2 Rfd8 17. Rfe1 d5 18. Ne2 Qd6 19. Bc3 Ne8 20. Nf4 Bf6 21. Qd3 Bxc3 22. Qxc3 Qf6 23. Qc5 Nf8 24. g4 Nd7 25. Qe3 Qg5 26. Qg3 Ndf6 27. Bf3 Nh7 28. Re5 Rd7 29. Rae1 Nc7 30. Ne6 fxe6 31. fxe6 Nxe6 32. Rxg5 Nhxg5 33. Bg2 Rf8 34. h4 Ne4 35. Bxe4 dxe4 36. Rxe4 Nd4 37. f4 Rfd8 38. Qe3 Kf8 39. c3 Nc2 40. Qc5+ Kg8 41. Re2 Rd1+ 42. Kf2 Rh1 43. Kg2 Rc1 44. Qe7 Rdd1 45. Qe6+ Kh8 46. Qc8+ Kh7 47. Qf5+ 1-0

[Event "Belgrade-chT"]
[Site "Belgrade"]
[Date "2015.09.29"]
[Round "8.2"]
[White "Zarkovic, Mila"]
[Black "Milin, Dragan"]
[Result "0-1"]
[WhiteElo "2205"]
[BlackElo "2056"]
[PlyCount "78"]
[EventDate "2015.09.21"]
[EventType "team-tourn"]
[EventRounds "9"]
[EventCountry "SRB"]
[SourceTitle "CBM 168 Extra"]
[Source "ChessBase"]
[SourceDate "2015.10.29"]
[SourceVersion "1"]
[SourceVersionDate "2015.10.29"]
[SourceQuality "1"]
[WhiteTeam "Itaka"]
[BlackTeam "Bogoslov"]
[WhiteTeamCountry "SRB"]
[BlackTeamCountry "SRB"]

1. e4 e5 2. Nf3 d6 3. d4 Nd7 4. Nc3 c6 5. a4 Ngf6 6. Bc4 Be7 7. 0-0 h6 8. Re1 Qc7 9. Ba2 g5 10. Qd3 Nf8 11. Qc4 Ne6 12. Be3 Ng4 13. dxe5 Nxe3 14. Rxe3 dxe5 15. Ne2 a5 16. Ng3 g4 17. Ne1 Bg5 18. Nf5 Bxe3 19. fxe3 Ng5 20. Rd1 Be6 21. Qc5 Bxf5 22. exf5 Qe7 23. Qc4 Qb4 24. Qe2 Qxa4 25. Bb3 Qe4 26. Nd3 Rd8 27. Ra1 b6 28. Nf2 Qxf5 29. Nxg4 h5 30. Nf2 e4 31. Rf1 Rg8 32. Kh1 Qg6 33. g3 Rg7 34. Nd1 Nf3 35. Rxf3 exf3 36. Qxf3 h4 37. Nf2 hxg3 38. hxg3 Qxg3 39. Bxf7+ Ke7 0-1

[Event "Belgrade Trophy 28th"]
[Site "Belgrade"]
[Date "2014.11.26"]
[Round "3"]
[White "Milin, Dragan"]
[Black "Velickovic, Sasa"]
[Result "0-1"]
[WhiteElo "2021"]
[BlackElo "2372"]
[PlyCount "70"]
[EventDate "2014.11.24"]
[EventType "swiss"]
[EventRounds "9"]
[EventCountry "SRB"]
[SourceTitle "CBM 163 Extra"]
[Source "ChessBase"]
[SourceDate "2014.12.23"]
[SourceVersion "1"]
[SourceVersionDate "2014.12.23"]
[SourceQuality "1"]

1. d4 Nf6 2. e3 g6 3. Nf3 Bg7 4. b4 0-0 5. c4 d6 6. Be2 Nbd7 7. 0-0 e5 8. Bb2 Qe7 9. Nc3 c6 10. a4 Re8 11. Qb3 Nf8 12. a5 exd4 13. exd4 Bf5 14. Rfe1 Qc7 15. Nd1 Rad8 16. Ne3 Bc8 17. b5 Ng4 18. Nf1 Nd7 19. Ng5 Nh6 20. Ne3 Nf6 21. Bf3 Nf5 22. a6 Nxe3 23. axb7 Bxb7 24. fxe3 Ra8 25. bxc6 Bxc6 26. d5 Bd7 27. Bd4 h6 28. Nh3 Bxh3 29. gxh3 Nd7 30. Rec1 Nc5 31. Qc3 Be5 32. Ra5 Nb3 33. Ra6 Nxc1 34. Qxc1 Qe7 35. c5 Qg5+ 0-1